A & G libro 10º aniversario : recopilación de artículos técnicos /

Guardado en:
Autor Corporativo: Asociación Argentina de Grasas y Aceites.
Otros Autores: Autino, Héctor.
Formato: Libro
Idioma:Undetermined
Publicado: Buenos Aires : Asociación Argentina de Grasas y Aceites, 2001.
Etiquetas: Agregar Etiqueta
Sin Etiquetas, Sea el primero en etiquetar este registro!
LEADER 00789nam a22001935a 4500
001 EEA.libagro009873
005 20180615102204.0
008 140613s2001####ag#a##########000#0#und#d
020 |a 987987580X 
082 0 4 |a 665 
245 1 0 |a A & G libro 10º aniversario :  |b recopilación de artículos técnicos /  |c Héctor Autino, director. 
260 |a Buenos Aires :  |b Asociación Argentina de Grasas y Aceites,  |c 2001. 
300 |a 3 v. :  |b il. ;  |c 28 cm. 
500 |a Ediciones 1 a 41 - 1991/2000. 
700 1 |a Autino, Héctor. 
710 2 |a Asociación Argentina de Grasas y Aceites. 
859 |a AR-BbBCA  |b BIB. AGRONOMIA  |h 665  |i A939  |p 2004/4697  |v t.1  |3 Tomo I 
859 |a AR-BbBCA  |b BIB. AGRONOMIA  |h 665  |i A939  |p 2004/4698  |v t.2  |3 Tomo II 
859 |a AR-BbBCA  |b BIB. AGRONOMIA  |h 665  |i A939  |p 2004/4699  |v t.3  |3 Tomo III